| 000 | 01169nam a22002177a 4500 | ||
|---|---|---|---|
| 001 | 3255 | ||
| 003 | FISKH | ||
| 005 | 20240222112525.0 | ||
| 008 | 240222b cb ||||| |||| 00| 0 eng d | ||
| 040 |
_aFISKH _beng _cFISKH _dFISKH |
||
| 050 | _aDA566.C5 | ||
| 082 | _a941.084092 | ||
| 100 |
_aJenkins, Roy _d1920-2003 |
||
| 245 |
_aChurchill / _cby Jenkins Roy |
||
| 260 |
_aLondon : _bMacmillan, _c2001 |
||
| 300 |
_a1001 pages : _billustrations : _c20 cm |
||
| 520 | _aWinston Churchill is an icon of modern history, but even though he was at the forefront of the political scene for almost sixty years, he might be remembered only as a minor player in the drama of British government had it not been for World War II. In this magisterial book, Roy Jenkins's command of the political history of Britain and his own high-level government experience combine in a narrative account of Churchill's astounding career that is unmatched in its shrewd insights, its unforgettable anecdotes, the clarity of its overarching themes, and the author's nuanced appreciation of his extraordinary subject. | ||
| 600 | _aChurchill | ||
| 648 | _aBritish History | ||
| 942 |
_2ddc _cBK _n0 |
||
| 999 |
_c3255 _d3255 |
||